Movies Quiz

Random Movies or Author Quiz

Double Dip: Author/Director II Quiz Stats

 Plays Quiz Updated Oct 4, 2015

Challenge
Share
Tweet
Embed
Score 0/28 Timer 08:00
1 Play Today
Work Author % Correct
Jurassic Park Michael Crichton
90.1%
Harry Potter and the Prisoner of AzkabanJ. K. Rowling
90.1%
The Da Vinci Code Dan Brown
89.6%
Nineteen Eighty-FourGeorge Orwell
88.6%
Anna Karenina Leo Tolstoy
86.3%
The Cat in the Hat Dr. Seuss
86.1%
Alice in WonderlandLewis Carroll
86.1%
The Godfather Mario Puzo
84.5%
Fantastic Mr. FoxRoald Dahl
83.5%
The Green Mile Stephen King
81.2%
A Clockwork OrangeAnthony Burgess
81%
Dr. No Ian Fleming
80.7%
Of Mice and MenJohn Steinbeck
78.9%
Murder on the Orient ExpressAgatha Christie
76.5%
Work Author % Correct
The Hound of the BaskervillesArthur Conan Doyle
72.1%
Shutter IslandDennis Lehane
70.7%
The FirmJohn Grisham
70.1%
For Whom the Bell TollsErnest Hemingway
69.4%
Life of Pi Yann Martel
65.9%
Journey to the Center of the EarthJules Verne
65.9%
The Scarlet LetterNathaniel Hawthorne
63.8%
Patriot GamesTom Clancy
58.9%
Charlotte's WebE. B. White
56.8%
Gulliver's TravelsJonathan Swift
53.6%
The Bourne UltimatumRobert Ludlum
51.7%
A Scanner DarklyPhilip K. Dick
44.3%
The English PatientMichael Ondaatje
29.4%
I Am LegendRichard Matheson
16.7%

You're not logged in!

Compare scores with friends on all Sporcle quizzes.
OR
Log In

You Might Also Like...

Show Comments

Extras

Top Quizzes Today


Score Distribution

Your Account Isn't Verified!

In order to create a playlist on Sporcle, you need to verify the email address you used during registration. Go to your Sporcle Settings to finish the process.

Report this User

Report this user for behavior that violates our Community Guidelines.

Details: